[Event "U.S. Amateur North"]
[Site "Detroit, MI"]
[Date "2000.05.27"]
[Round "1"]
[White "Dowling, John"]
[Black "Snobeck, Michael"]
[Result "1-0"]
[WhiteElo "2092"]
[BlackElo "1696"]
[PlyCount "77"]
[EventDate "2000.06.??"]

1. d4 e6 2. Nf3 d5 3. Bf4 Nf6 4. e3 c5 5. c3 Nc6 6. Nbd2 Bd7 7. Bd3 Be7 8. h3
O-O 9. O-O b6 10. Ne5 Be8 11. Bh2 Bd6 12. f4 Ne7 13. g4 h6 14. Qe1 Nh7 15. Rd1
f6 16. Nef3 Bg6 17. e4 Qd7 18. Nh4 Be8 19. Bb1 cxd4 20. cxd4 Rc8 21. Qe3 e5 22.
exd5 Rf7 23. Qd3 Nf8 24. Ne4 exf4 25. Nxd6 Qxd6 26. Bxf4 Qxd5 27. Qa3 g5 28.
Ng2 Bc6 29. Ne3 Qh1+ 30. Kf2 Qxh3 31. Bd6 Neg6 32. d5 Nh4 33. Be4 f5 34. gxf5
Nxf5 35. Nxf5 Rxf5+ 36. Bxf5 Qxf5+ 37. Qf3 Qc2+ 38. Kg1 Bb5 39. Qf7+ 1-0

[Event "U.S. Amateur North"]
[Site "Detroit, MI"]
[Date "2000.05.27"]
[Round "3"]
[White "Dowling, John"]
[Black "Smith, Walt"]
[Result "1-0"]
[WhiteElo "2092"]
[BlackElo "2004"]
[Annotator "Bob Ciaffone"]
[PlyCount "85"]
[EventDate "2000.06.??"]

1. e4 c5 2. Nc3 g6 3. Nge2 Bg7 4. d4 cxd4 5. Nxd4 Nc6 {This is the Accelerated
Fianchetto Dragon, a fine system to use when white has played Nc3 blocking his
c-pawn early on, preventing the use of the Maroczy Bind.} 6. Be3 Nf6 7. Be2 {
White goes into the Classical Dragon instead of the more aggressive Yugoslav
Attack where he castles long and storms the king.} O-O 8. f4 d5 $2 {Too
ambitio us, according to author IM John Donaldson, the leading American
authority on the Accelerated Dragon. Just because black can play d5 in one go
does not mean it is right in all positions. The solid 8...d6 transposes to the
regular Classical Dragon and gives black equality.} 9. e5 Ne8 {Now black has a
spatial disadvantage. Going forward with 9...Ne4 was probably better, even
though black is a little worse.} 10. Qd2 Nc7 11. O-O-O a6 12. Nb3 e6 13. h4 b5
14. h5 {White's attack gains momentum, and will come first.} g5 15. h6 Bh8 16.
Rh5 gxf4 17. Bxf4 f6 18. Qe3 Rf7 19. Qc5 Ne7 20. exf6 Ng6 21. Bg5 Bxf6 22. Bxf6
Rxf6 23. Nd4 Ne8 24. Nf3 Qd6 25. Qg1 Nf4 26. Rg5+ Rg6 27. Rxg6+ hxg6 28. Qf2
Nh5 29. Kb1 Qf8 30. g4 Nf4 31. g5 {White now has a powerful bind on the black
kingside.} Nxe2 32. Qxe2 Nd6 33. h7+ Kxh7 {The pawn sacrifice opens lines
around the black king, and costs him the queen and the game.} 34. Rh1+ Kg7 35.
Qe5+ Kf7 36. Rh7+ Ke8 37. Rh8 Nf7 38. Rxf8+ Kxf8 39. Qf6 b4 40. Ne5 Ra7 41. Ne2
a5 42. Nxf7 Rxf7 43. Qd8+ {This game is a good example of an opening error (8..
.d5?) that black was unable to ever recover from. Before the middlegame the
gods have placed the opening.} 1-0

[Event "U.S. Amateur North U1600"]
[Site "Detroit, MI"]
[Date "2000.05.27"]
[Round "1"]
[White "Dolin, Jack"]
[Black "Roberes, Thomas"]
[Result "1-0"]
[WhiteElo "1301"]
[BlackElo "706"]
[Annotator "Bob Ciaffone"]
[PlyCount "107"]
[EventDate "2000.06.??"]

1. d4 Nf6 2. Nf3 e6 3. Bg5 {This is the Torre Attack, a respectable way of
deviating from the well-trodden Queens Gambit.} d5 4. c4 Nc6 {Black plays a
lesser known and slightly weaker move. Normal are 4...c6, a Slav, 4...Be7, a
Queens Gambit, or my own choice, 4...h6, the Duras system.} 5. Nc3 Be7 6. e3
O-O 7. Bd3 h6 8. Bh4 Re8 9. O-O {White has some advantage because black has
trouble completing his development.} b6 10. Bg3 Ba6 11. Nb5 Bd6 12. Nxd6 cxd6
13. Qa4 dxc4 14. Bxc4 Bxc4 15. Qxc4 Rc8 16. Rac1 Na5 {Black dumps a pawn with
this move, but the subsequent control over the c-file that he gets should be
ample compensation.} 17. Qxc8 Qxc8 18. Rxc8 Rxc8 19. Bxd6 Rc2 20. Bb4 Rxb2 21.
Bxa5 bxa5 22. Ra1 {Black has r egained his pawn, and the active rook is more
than enough to offset his poor pawn structure.} Ne4 23. Ne5 Rxf2 24. Rf1 Rxf1+
25. Kxf1 {We now have a knight ending where black is up a pawn, possibly
winning. Black should tie down the enemy knight and then centralize his king.
Instead, he makes moves that do nothing while his opponent steadily
strengthens the position.} Nd2+ $2 (25... Nc3 26. a3 Nb5 27. Nc4 Kf8 28. Ke2
Ke7 29. Kd3 f6 $17) 26. Ke2 Ne4 27. Kd3 Nf2+ 28. Kc4 a6 29. Nc6 Ng4 30. e4 Ne3+
31. Kb3 Nxg2 32. Nxa5 f5 33. exf5 exf5 34. Nc4 f4 35. Kc3 g5 36. Ne5 h5 37. h3
Ne1 38. Kd2 Ng2 39. Nf3 g4 40. hxg4 hxg4 41. Ne5 g3 42. Ke2 Nh4 43. Nc6 f3+ 44.
Kf1 f2 45. Nb4 g2+ 46. Kxf2 {This has to be seen to be believed. Check out the
black king, posted totally out of action on the same square on the edge of the
board that it was on twenty moves ago. Someone must have put glue underneath
the base!} Kg7 47. Nxa6 Kg6 48. Nb4 Kf5 49. a4 Ke4 50. a5 Nf3 51. Kxg2 Ne1+ $4
{Even after butchering the ending, all black had to do was take the d4 pawn
and then go with his knight to a square where white's a-pawn could be stopped
from advancing, and the game was a draw. Instead, he checks, a bad check if
there ever was one, since it puts the knight where it can no longer stop the
a-pawn.} (51... Nxd4 52. a6 Nb5) 52. Kg3 $18 Nf3 53. a6 Nxd4 54. a7 {Chess
lesson for the game: when the pieces disappear from the board, the king has to
go from a bystander to a fighter.} 1-0

[Event "U.S. Amateur North"]
[Site "Detroit, MI"]
[Date "2000.05.28"]
[Round "4"]
[White "Santiago, Reynaldo"]
[Black "Dowling, John"]
[Result "1/2-1/2"]
[WhiteElo "2092"]
[BlackElo "2000"]
[Annotator "Bob Ciaffone"]
[PlyCount "87"]
[EventDate "2000.06.??"]

1. e4 c5 2. Nc3 Nc6 3. g3 g6 4. Bg2 Bg7 5. d3 d6 6. Be3 e6 7. Qd2 Nge7 8. Bh6
Bxh6 9. Qxh6 Nd4 10. Rc1 Ng8 11. Qd2 Ne7 12. Nd1 e5 13. c3 Ndc6 14. Ne3 O-O 15.
Ne2 Be6 16. Nd5 Rc8 17. h4 f5 18. h5 Rf7 19. Nxe7+ Nxe7 20. hxg6 hxg6 21. Qh6
Rg7 22. c4 Kf7 23. Nc3 b6 24. Kd2 a6 25. a4 Qd7 26. Rh2 Ng8 27. Qe3 Nf6 28. f3
Rf8 29. b3 Qe7 30. Rch1 Ke8 31. Qg5 Kd7 32. Rh8 Rfg8 33. Rxg8 Rxg8 34. f4 fxe4
35. fxe5 dxe5 36. Qxe5 exd3 37. Ke1 Re8 38. Bb7 Ng4 39. Qe4 Qg5 40. Qf4 Qxf4
41. gxf4 Kd6 (41... Bd5+ $19) 42. Bxa6 Rf8 43. Ne4+ Kc7 44. Ng5 1/2-1/2

[Event "U.S. Amateur North"]
[Site "Detroit, MI"]
[Date "2000.05.28"]
[Round "5"]
[White "Jarosz, Stan"]
[Black "Santiago, Reynaldo"]
[Result "0-1"]
[WhiteElo "1961"]
[BlackElo "2092"]
[PlyCount "70"]
[EventDate "2000.06.??"]

1. d4 Nf6 2. Nf3 g6 3. Bf4 Bg7 4. h3 c5 5. e3 O-O 6. c3 b6 7. Be2 Bb7 8. O-O d6
9. Bh2 Nbd7 10. a4 a6 11. Na3 Re8 12. Nc4 Bc6 13. dxc5 bxc5 14. a5 Qc7 15. Ne1
Qb7 16. Qc1 Reb8 17. Bf3 Ne4 18. Nd2 f5 19. Ra3 Qxb2 20. Qxb2 Rxb2 21. Nc4 Rb1
22. Nd3 Rab8 23. Nb6 Rxf1+ 24. Kxf1 Nxb6 25. axb6 Rxb6 26. Bxe4 fxe4 27. Nf4
Rb1+ 28. Ke2 Bb5+ 29. Kd2 Rb2+ 30. Ke1 Be5 31. Bg3 Kf7 32. h4 Rc2 33. Kd1 Rxc3
34. Ra2 Bc4 35. Ra5 Bb3+ 0-1

[Event "U.S. Amateur North U1600"]
[Site "Detroit, MI"]
[Date "2000.05.28"]
[Round "5"]
[White "Gillom, Donte"]
[Black "Holden, Anthony"]
[Result "1-0"]
[WhiteElo "1333"]
[BlackElo "1397"]
[PlyCount "69"]
[EventDate "2000.06.??"]

1. d4 d5 {One of the things I like to do when reading over a game score is
take note of the earliest move where it is obvious that the player is weak. I
was not kept waiting long in this encounter. The two things you are supposed
to do in the opening are get your pieces out and control the central squares.
Watch how these players make moves that defeat those purposes.} 2. Nf3 Nd7 {
Blocks the queen-bishop.} 3. c3 {Takes away the best square for the
queen-knight.} Nb6 {Moves the same piece twice before developing any other
pieces.} 4. Bf4 f6 {Takes the best square away from the king-knight.} 5. h3 Nc4
{He's black, and this is the third move for the knight in the first five moves
- and to an inferior square.} 6. Qc1 g5 {Wrecks the pawn position around his
own king.} 7. Bh2 g4 8. hxg4 Bxg4 9. e3 Bxf3 10. gxf3 Qd7 11. Bxc4 dxc4 12. Nd2
Qh3 13. Ke2 Qd7 14. Qg1 O-O-O 15. Qg3 e5 16. Rhd1 exd4 17. cxd4 Bd6 18. Qg2 Qb5
{This threatens discovered check and wins material.} 19. Qh3+ Kb8 20. Ne4 c3+
21. Ke1 cxb2 22. Rab1 Bb4+ 23. Nd2 Bc3 24. Qf1 Qa5 25. Qd3 Ne7 26. Ke2 b5 27.
Nb3 Qb4 28. Nc5 Qc4 29. Qxc4 bxc4 30. Na4 Ba5 31. Rxb2+ Kc8 32. Rb5 Nd5 $4 {
Black's bishop is under attack and he needs to retreat with 32...Bb6. Instead
he completely ignores the threat.} 33. Rxa5 {"Thanks for the bishop; all
donations appreciated."} Kd7 $4 {"Have another piece."} 34. Rxd5+ {"Okay."} Ke6
35. e4 {I suggest black review beginner rules such as don't move the same
piece twice and don't weaken the king's field.} 1-0

[Event "U.S. Amateur North"]
[Site "Detroit, MI"]
[Date "2000.05.28"]
[Round "5"]
[White "Dowling, John"]
[Black "LaForge, Tom"]
[Result "1-0"]
[WhiteElo "2092"]
[BlackElo "1979"]
[Annotator "Bob Ciaffone"]
[PlyCount "131"]
[EventDate "2000.06.??"]

1. e4 e6 2. d4 d5 3. e5 c5 4. c3 Qb6 5. Nf3 Bd7 6. a3 Bb5 7. b4 cxd4 8. Bxb5+
Qxb5 9. cxd4 Ne7 10. Nc3 Qd7 11. O-O {Black has traded off his bad bishop, but
it was at a price. White has an advantage in both space and development, and
stands better.} Nf5 12. g4 Nh6 13. h3 Nc6 14. Bg5 Ng8 {An unproduct ive
knight's tour if there ever was one. The knight goes back to sleep in the bed
he started in.} 15. Re1 {The black kingside is in a pristine state. But
instead of developing it, black opens lines.} h5 16. Rc1 hxg4 17. hxg4 Nh6 18.
Nh2 Be7 19. Be3 Rc8 20. Re2 a6 21. Na4 Qd8 22. Rec2 f6 23. exf6 gxf6 24. Nc5
Bxc5 25. Rxc5 Qd7 26. f3 {Black has managed to stay afloat somehow.} Nf7 27.
Nf1 Nd6 28. Nd2 $6 {White moves the defender of his king away. He should have
played 28.R1c2, stopping the enemy control of the h-file by preparing Rh2 if
needed.} Qh7 29. Kf2 Qh2+ 30. Kf1 Rh3 {Surely black is winning here.} 31. Qe2
Qh1+ 32. Bg1 Nxd4 {Although this wins a pawn, 32...Kd7 may be better,
intending to bring the Rc8 to the kingside.} 33. Rxc8+ Nxc8 34. Qg2 Nc6 35.
Qxh1 Rxh1 36. Kg2 Rh8 {So black is up a pawn, but the game goes on.} 37. Nb3
Nd6 38. Nc5 Ke7 $2 {Black blunders back the pawn. He should play 38...Nd8,
with winning chances.} 39. Nxb7 {This not only wins a pawn, but gives white a
queenside majority, which he uses to good effect.} Nc4 40. Nc5 Nxa3 41. Nxa6
Nc4 42. b5 {The majority has turned into a passer.} N6e5 $2 {The horse is
going the wrong way to stop the b-pawn.} 43. b6 Kd7 44. b7 Nc6 45. Rb1 Nb8 46.
Nxb8+ Rxb8 47. Ba7 Kc7 48. Bxb8+ Kxb8 {The passer forces black to cough up an
exchange, which is decisive.} 49. Kg3 d4 50. Rb4 Nd6 51. Rxd4 Nxb7 52. f4 Kc7
53. g5 Nd6 54. g6 Nf5+ 55. Kh3 Ng7 56. Ra4 Kb7 57. Re4 Kc7 58. Ra4 Kb7 59. Kg4
Kb8 60. Ra5 f5+ $2 {Breaking the pawn-wall that was keeping out the white king
leads to a quick capitulation. After 60... Kb7 white is likely still winning,
but is going to have to aggravate himself a bit.} 61. Kg5 Ne8 62. Kh6 Kb7 63.
g7 Nf6 64. Kg6 Ng8 65. Kf7 Nh6+ 66. Kxe6 1-0

[Event "U.S. Amateur North U1600"]
[Site "Detroit, MI"]
[Date "2000.05.28"]
[Round "5"]
[White "Carter, Cameron"]
[Black "Coleman, Kareem"]
[Result "0-1"]
[WhiteElo "715"]
[BlackElo "808"]
[PlyCount "74"]
[EventDate "2000.06.??"]

1. e4 e5 2. Nf3 Nc6 3. Bb5 d6 4. Bxc6+ bxc6 5. d4 Nf6 6. dxe5 Nxe4 7. O-O Bg4
8. exd6 Bxd6 9. Re1 f5 10. h3 Bxf3 11. Qxf3 O-O 12. Nc3 Bb4 13. Rd1 Ng5 14.
Bxg5 Qxg5 15. Qxc6 Bxc3 16. bxc3 Rac8 17. Rd4 Qe7 18. Qc4+ Qf7 19. Qxf7+ Kxf7
20. Rd7+ Kg8 21. Re1 Rfd8 22. Rxd8+ Rxd8 23. Re7 Rd1+ 24. Kh2 Rd2 25. Rxc7 Rxf2
26. Rxa7 Rxc2 27. Ra8+ Kf7 28. Ra7+ Kg6 29. Ra6+ Kh5 30. Ra7 Kh6 31. a4 Rxc3
32. a5 g6 33. Rb7 Ra3 34. g4 fxg4 35. hxg4 Rxa5 36. Kg3 Ra3+ 37. Kh4 g5# 0-1

[Event "Michigan Senior"]
[Site "Ann Arbor, MI"]
[Date "2000.06.17"]
[Round "2"]
[White "Santiago, Reynaldo"]
[Black "Steen, Harold"]
[Result "1-0"]
[WhiteElo "2000"]
[BlackElo "1653"]
[Annotator "Bob Ciaffone"]
[PlyCount "105"]
[EventDate "2000.06.18"]

1. e4 c6 2. d4 d5 3. e5 {The Advance Variation of the Caro-Kann is favored
with white by Shirov and Short, among others.} Bf5 {Compared to the Advance
French, black in The Caro-Kann is a tempo down, since the move c5 is integral
to his plans in this pawn formation and he has already stopped for c6. But he
has not blocked in his queen-bishop with the french move e6, and so can
develop it outside the pawn chain, as here.} 4. Nc3 e6 5. g4 Bg6 6. h4 h6 7.
Bd3 {7.Ne2 with the idea of Nf4 hitting the Bg6 is more aggressive.} Bxd3 8.
Qxd3 Nd7 9. Bf4 c5 10. Nf3 a6 11. O-O-O c4 12. Qe3 b5 {An interesting position.
Optically it may seem that white is better, because he has superior
development, but looks can sometimes be deceiving. Note the following
drawbacks to the white position. His minor pieces are dreadful; the Nc3 is a
target for the black b-pawn, snd the Bf4 and Nf3 block his natural plan of
f4-f5. He is castled; sounds good, but the enemy knows where to attack,
whereas white has no clue where the enemy leader will live. The center is
closed, which means the disadvantage in development for black is hard to
exploit. I prefer black's chances in the diagram.} 13. Rde1 {Looks too
leisurel y. White needs to open kingside lines before the opponent completes
development.} Ne7 14. h5 Qa5 15. Kb1 b4 16. Ne2 Rc8 17. Ka1 c3 18. bxc3 bxc3 {
White failed to open lines on the kingside early on, and is now paying the
price.} 19. Rb1 Rc4 20. Rb3 Nc6 21. Rxc3 Nb4 {This move forks c2 and a2,
costing white an exchange.} 22. Nc1 Nxc2+ 23. Rxc2 Rxc2 24. Ne1 Rc8 25. Rh3 Bb4
26. Nb3 Bc3+ 27. Kb1 Qa3 28. Qe2 Bxe1 29. Qxe1 Nb6 30. Bc1 Qa4 31. Bb2 Nc4 32.
Nc5 Qc6 33. Qc1 Nxb2 34. Qxb2 O-O 35. Rb3 Ra8 $2 (35... Qa8 {Preparing to
transfer a rook to the b-file, a plan which white cannot stop.} 36. a4 Rb8 37.
Ka2 Rxb3 38. Qxb3 Rb8 $19) 36. Rb6 Qc8 37. a4 Rb8 38. a5 {Black took too long
to fight for the b-file, allowing white's a-pawn to reach paydirt and stop
black from penetrating.} Rxb6 39. axb6 Qc6 40. Nxa6 Qb7 41. Nc5 Qc6 42. b7 Rb8
{White's passed pawn on the seventh rank and strongly posted knight are worth
far more than an exchange.} 43. Qb4 f6 44. f4 fxe5 45. fxe5 Kf7 46. Kb2 Ke8 47.
Ka3 Kd8 48. Qa5+ Ke7 49. Qa7 Qc7 50. Ka4 Qc6+ 51. Ka5 Qc7+ 52. Ka6 Qc6+ 53. Qb6
1-0

[Event "Michigan Senior"]
[Site "Ann Arbor, MI"]
[Date "2000.06.17"]
[Round "2"]
[White "Moore, Robert"]
[Black "LaForge, Tom"]
[Result "0-1"]
[WhiteElo "1627"]
[BlackElo "1979"]
[PlyCount "78"]
[EventDate "2000.06.18"]

1. e4 e6 2. d4 d5 3. e5 c5 4. c3 {Most French Advance Variation games take
this route.} Qb6 {A rare line, but it has been used in the 90's on occasion by
strong grandmasters like Beliavsky and Psakhis, and there is no known
refutation of it.} 5. Nf3 Bd7 6. Be2 {The normal move.} Bb5 {This is the idea
behind 4...Qb6, trading off black's bad bishop, though it uses time. Another
way to execute this idea is to preface Bb5 by cxd4 so white cannot use the
line 7.c4.} 7. O-O {This move is considered innocuous. More testing is 7.c4.}
Bxe2 8. Qxe2 cxd4 9. cxd4 Nc6 10. Nc3 Nge7 11. Na4 Qc7 12. Be3 Nf5 13. Rac1 Be7
14. a3 a6 {Castling looks more natural.} 15. b4 O-O 16. Nc5 Bxc5 17. Rxc5 b6
18. Rc2 Qb7 19. Rfc1 Rac8 {This position looks pretty even to me. White has
the c-file, but no entry points. The Be3 looks like an overgrown pawn.} 20. Qd3
Na7 21. g4 {This loosening move looks like the cause of white's later troubles.
} Nxe3 22. fxe3 Rxc2 23. Rxc2 f6 24. h4 $6 {The white kingside keeps looking
airier, and it is hard to see where white can hope to break through with his
attack.} Rc8 25. g5 fxe5 26. Nxe5 Nb5 27. Rxc8+ Qxc8 28. Kg2 Nd6 29. a4 Nc4 30.
Ng4 {White could not trade without giving black a passer, so he has to run
away.} b5 31. axb5 axb5 {Black is likely winning here, but white makes it easy
by advancing his kingside pawns beyond the umbrella of protection.} 32. h5 Qd8
33. g6 Qg5 34. gxh7+ Kh8 35. Kg3 Qxh5 36. Qf1 $4 {White overlooks a tactic.}
Qxg4+ $1 37. Kxg4 {Preferable was 37.resigns, since white is a piece down in
the endgame.} Nxe3+ 38. Kf4 Nxf1 39. Ke5 g5 0-1

[Event "Michigan Senior"]
[Site "Ann Arbor, MI"]
[Date "2000.06.18"]
[Round "4"]
[White "Carr, Jay"]
[Black "Steen, Harold"]
[Result "1/2-1/2"]
[WhiteElo "1600"]
[BlackElo "1653"]
[Annotator "Bob Ciaffone"]
[PlyCount "85"]
[EventDate "2000.06.18"]

1. c4 Nf6 2. Nc3 g6 3. e4 d6 4. d4 Bg7 5. Be2 Nbd7 6. Bg5 {White's delay in
developing the Ng1 is deliberate, and gives extra force to the Bg5 move
because the Be2 stops the Nf6 from using squares h5 and g4. This is a similar
idea to the Auerbach Variation (same position except the Auerbach features 5...
0-0 instead of 5...Nbd7), a strong line against black's Kings Indian Defense.}
e5 {In the regular Auerbach this move e5 is weak because white can exchange
pawns to advantage. Here it looks reasonable.} 7. d5 O-O $6 {This gives white
permanent pressure. Black should have interpolated h6 before castling.} 8. Qd2
{The c1-h6 diagonal is owned by white, giving him a bind.} Re8 {A mystery move.
The black lever is f5, so the rook should stay where it was. The move 8...a5
preparing Nc5 looks right.} 9. h4 {White goes straight for the jugular, which
looks justified in this position.} Nc5 {Black decides to play Nc5 before
protecting his outpost against b4 by a preparatory a5, reckoning that the
tactics will favor him. Is this right?} 10. b4 $2 {This move introduces
complications which ultimately turn out in white's favor as the game was
played, but this happened only because his opponent erred at a critical point.
White should have guarded his e-pawn by 10. Qe3 instead of playing 9.b4?, and
stuck to his game plan of attacking the enemy king.} Ncxe4 11. Nxe4 Nxe4 {
Black bases this unpin on threatening the white queen with the Nf6 when it
moves.} 12. Bxd8 Nxd2 13. Bxc7 Ne4 14. Bd3 {The Ne4 is under attack, but if it
moves to safety, white simply takes the pawn on d6. So black decides to sac
the knight, but this proves unsound. Black should play 14... Re7!, attacking
the bishop. If white then plays 15.Bd8, black renews the attack with 15...Rd7.
Whatever white does now, black will obtain material equality, and stand well
because his center pawns are mobile. The move 14... Re7! justifies black's 9...
Nc5 and shows 10.b4 to be inferior.} Nxf2 $2 {So black sacs his knight, hoping
to regain the material.} 15. Kxf2 e4 {Here is the move black has put his faith
in. White's bishop and rook are both under attack, but...} 16. Re1 {The white
rook moves away from being attacked, and also pins the e-pawn, saving his
bishop.} Bf5 {Black emerges from the complications down a piece for a pawn.
All he has left is hopes of harassing white's army before the first player can
coordinate his forces, but white plays good moves from here and consolidates
his advantage.} (16... Re7 $2 17. Bxd6 Rd7 18. Bf4 exd3 19. Re8+ Bf8 20. Bh6
$18) 17. Be2 e3+ 18. Kf1 Bc3 19. Bxd6 $1 {White correctly gives up an exchange
to break the pressure, winning the black d-pawn in return. Moving the rook is
bad; the Bc7 will not get out alive after black plays Bxb4.} Bxe1 20. Kxe1 Bb1
21. a3 Ba2 22. Rh3 Re4 23. c5 Bxd5 24. Bf3 Rd4 25. Bxd5 (25. Ne2 $1 Rd3 26.
Bxd5 Rxd5 27. Rxe3 {White could have gained a tempo for development with this
slightly better line, but what he played should have also won.}) 25... Rxd5 26.
Rxe3 {The chaotic situation that arose after white's 10.b4 has finally
stabilized. White has a bishop and knight for a rook, and should as a result
expect to win.} b6 27. Nf3 bxc5 28. bxc5 h6 29. Ke2 g5 30. hxg5 hxg5 31. g4 f6
32. Re7 f5 33. gxf5 Rxf5 34. Ne5 Rf6 35. Ke3 a5 36. Nc4 Ra6 37. Ke4 g4 38. Re5
Rg6 39. Kf5 Rg7 {Here black offered a draw and white accepted. White has a
forced win, as my analysis shows. This is a good lesson in needing positive
thinking for chess, since white was worried about black's dangerous-looking
g-pawn and underestimated his own prospects.} 40. Re8+ Kh7 41. Be5 g3 (41...
Rg8 $2 42. Re7+ Kh6 43. Bf4+ Kh5 44. Rh7+ Rh6 45. Rxh6#) 42. Bxg7 Kxg7 43. Ne3
$18 1/2-1/2